| 000 | 00499nam a2200169Ia 4500 | ||
|---|---|---|---|
| 001 | 56660 | ||
| 008 | 130614n ii |||gr||||Z||||||465 | ||
| 020 | _a978-81-8343-286-8 | ||
| 082 | _a720 | ||
| 100 |
_aMishra,P.K, _eAuthor., |
||
| 245 | 0 |
_aA Complete Self Study Guide for B.Arch 2013 Entrance Exam _cP.K.Mishra _hTextual Documents |
|
| 260 |
_aIndia: _bArihant Publications (India) Pvt Ltd. |
||
| 300 |
_a388p: _c23cm. |
||
| 653 | _aArchitecture | ||
| 653 | _aR/R -Architecture | ||
| 942 |
_2ddc _cBK |
||
| 999 |
_c56582 _d56582 |
||